00477cam a2200169ua 45000010005000000080039000050200017000440400009000610820008000701000028000782450065001062500009001712600048001803000017002286530014002456530048002591988110811n ii |||gr||||Z||||||eng a81-7158-280X cMAIN a370 aSharma, S. R.,eAuthor.1 aEducation and national integration in indiacby S. R. Sharma a1st. aNew Delhi:bAkashdeep Publishing House,992. a356p:c23cm. aEducation aEducation and national integration in india